00785 2200193 4500245005900000020002200059250001100081100002100092700001500113700002200128650001700150005001900167260004800186041001400234084001100248300002500259500029800284336000900582 aToko Jajanan Ajaib Zenitendo 1cHiroshima, ReikohText a978-623-134-087-0 aCet. 6 aHiroshima, Reiko aRibeka Ota aAprilia Ramadhani aNovel Remaja a20250305083644 aJakartabKepustakaan Populer Gramediac2024 aIndonesia a808.83 av, 151 hlm. :cilus. aDi toko jajanan ajaib Zenitendo semua keinginan pembelinya bisa terwujud. Hanya saja, semua perkataan Beniko, pemilik toko harus selalu dituruti. Jika tidak, nasib buruk akan jadi akibatnya. Jajanan dalam buku ini, di antaranya Permen Jeli Putri Duyung, Es Berhantu, dan Biskuit Binatang Buas. atext